Which is the best scandinavian country? - Statistics

General Stats
  • This quiz has been taken 64 times
  • The average score is 10 of 22
Answer Stats
Question Answer % Correct
has the biggest oil reserves? Norway
100%
has the lowest crime rate? Iceland
80%
has the highest GDP per capita? Norway
80%
is the biggest in population? Sweden
80%
has won the most Nobel prizes? Sweden
80%
is the happiest country according to happiness index? Finland
60%
has the highest forestation (% of land)? Finland
60%
has the biggest active military? Finland
60%
has the tallest building? Sweden
60%
has best international tourism index? (is most visited by international tourists) Denmark
40%
has the highest fertility rate? Iceland
40%
has the highest mountain? Norway
40%
has biggest average (male) height? Sweden
40%
has the most beauty pageant wins? Sweden
40%
has won the most Oscars for best pictures? Denmark
20%
has the highest pension? Denmark
20%
have the highest life expectancy? Iceland
20%
has the highest internet speed? (Wireless connection) Norway
20%
is bigger by area? Sweden
20%
has won the most of the disciplines seen above? Sweden
20%
has the highest average IQ? Iceland
0%
has the biggest percentage of renewable energy? Iceland
0%
No matching quizzes found
Score Distribution
Percent of People with Each Score
Percentile by Number Answered
Your Score History
You have not taken this quiz